[Event "USA-ch"]
[Site "Key West"]
[Date "1994.??.??"]
[Round "2"]
[White "Browne, Walter Shawn"]
[Black "De Firmian, Nick E"]
[Result "1-0"]
[WhiteElo "2535"]
[BlackElo "2565"]
[Annotator "Hansen,Cu"]
[PlyCount "93"]
[EventDate "1994.10.??"]
[EventType "tourn"]
[EventRounds "13"]
[EventCountry "USA"]
[EventCategory "13"]
[SourceTitle "CBM 044"]
[Source "ChessBase"]
[SourceDate "1995.02.01"]
[SourceVersion "1"]
[SourceVersionDate "1995.02.01"]
[SourceQuality "1"]

1. d4 {Stohl} Nf6 2. c4 e6 3. Nf3 c5 4. d5 exd5 5. cxd5 d6 6. Nc3 g6 7. e4 Bg7
(7... a6 $5 8. a4 Bg4 9. Be2 Bg7 10. Nd2 Bxe2 11. Qxe2 Nbd7 $6 12. Nc4 Nb6 13.
e5 $1 dxe5 14. Qxe5+ Kf8 15. Nxb6 Qxb6 16. O-O Re8 17. Qf4 h5 18. a5 Qb3 19.
Qc7 h4 20. d6 Qe6 21. Bd2 Qd7 22. Rfe1 $16 {Benjamin,J-De Firmian,N/New York
op/1993/}) 8. h3 O-O 9. Bd3 b5 (9... Re8 10. O-O c4 $5 11. Bxc4 $1 Nxe4 12.
Nxe4 Rxe4 13. Bg5 $1 $14) (9... a6 10. a4 $5 Re8 11. O-O c4 12. Bxc4 $1) 10.
O-O (10. Nxb5 $1 Nxe4 (10... Re8 $1 $44 {Stohl}) 11. Bxe4 Re8 12. Nd2 $14)
10... a6 (10... b4 $5 {Stohl} 11. Ne2 $5 (11. Nb1 Re8 12. Re1 Nbd7 13. Nbd2 Nb6
14. a3 $1 bxa3 15. Rxa3 a5 16. Nb1 Ba6 17. Nc3 Bxd3 18. Qxd3 Nfd7 19. Bf4 c4
20. Qd2 Nc5 21. Bh6 Bxh6 22. Qxh6 Qf6 23. Ng5 Qg7 24. Qh4 Nbd7 {1/2:1/2,
Kishnev,S-Womacka,M/Munich op/1992/}) 11... Nbd7 12. Ng3 Nb6 13. Bg5 a5 14. Rc1
Ba6 15. Bxa6 Rxa6 16. Qd2 Re8 17. Qf4 Nbd7 18. Qh4 h6 $1 19. Bxh6 Nxe4 $13 {
Yermolinsky,A-Wolff,P/Groningen PCA/1993/}) 11. a3 (11. Re1 Nbd7 12. a4 $1 (12.
Bg5 Qc7 13. Qd2 Re8 14. Rac1 c4 15. Bb1 b4 16. Nd1 a5 17. Bh6 Bh8 18. Ne3 Nxe4
19. Bxe4 Rxe4 20. Nxc4 Rxe1+ 21. Qxe1 Ba6 22. Nce5 Nc5 23. Nc6 Bf6 24. Qe3 Qd7
25. Qf4 Bxb2 26. Rxc5 dxc5 {Pritchett,C-Hall,J/Rilton-Cup 1988/1-0 (38)}) (12.
Bf4 Qc7 13. Qd2 c4 14. Bc2 Bb7 15. Nd4 Rfe8 16. Ndxb5 axb5 17. Nxb5 Qb6 18.
Nxd6 Rec8 19. Nxc8 Rxc8 20. Rab1 Bf8 21. a3 Nc5 22. Qd4 Nfd7 23. Be3 Qb5 $44 {
Fischdick,G-Fabisch,C/Dortmund op-A/1993/}) 12... b4 (12... c4 13. Bf1 b4 14.
Na2 a5 15. Bxc4 Nc5 16. e5 $36) 13. Nb1 {[+],><c4} a5 14. Nbd2 Nb6 15. Ra2 $1
Ba6 16. Bxa6 Rxa6 17. b3 Ra7 (17... Nfd7 18. Bb2 Bxb2 19. Rxb2 Qf6 20. Rc2 $14)
18. Bb2 Re8 19. Qa1 Rc7 {/\c4} 20. Nc4 $1 $8 Nxc4 21. bxc4 Nh5 22. Bxg7 Nxg7
23. Rae2 Rce7 (23... Nh5 $142 $5 {/\Nf4,Qf6}) 24. Nd2 $36 {><a5} f5 25. e5 (25.
e5 dxe5 26. Rxe5 $16 {><c5,a5}) 25... Nh5 26. e6 Ra7 27. Nb3 Qh4 28. Qc1 Qf6
29. Re3 g5 30. Rf3 Qg6 31. Qd1 Kg7 32. Rfe3 Nf6 33. Qa1 h5 34. Qc1 g4 35. h4 f4
36. R3e2 f3 37. Re3 fxg2 $6 38. Nxc5 $5 Rc7 $2 39. Ne4 Nxe4 40. Rxe4 Qf6 {
Psakhis,L-Spraggett,K/EUCup Gr7Barcelona 1993/1-0 (52)}) (11. Bf4 Re8 (11...
Bb7 12. Re1 Qb6 13. Rc1 (13. Qd2 Nbd7 14. b3 $13) 13... Nbd7 14. b3 Nh5 15. Be3
(15. Bh2 Bh6) 15... Qa5 16. Qd2 Rfe8 17. a4 c4 $1 18. bxc4 bxc4 (18... b4 19.
Na2 $16) 19. Bxc4 Rac8 20. Nd1 $1 $8 Qxa4 21. Nb2 Qa3 (21... Bxb2 22. Qxb2 Rxc4
23. Qxb7 $14) 22. Nd4 (22. Bd4 $5) 22... Nhf6 23. f3 Nb6 $1 24. Ra1 Qc5 25.
Rec1 Nxe4 $1 26. fxe4 Rxe4 27. Bxa6 Bxd4 $8 28. Bxd4 Rxd4 29. Qf2 Qb4 30. Rxc8+
Bxc8 31. Nd3 $1 Rxd3 32. Bxd3 Nxd5 33. Ra8 Qc3 34. Ba6 Qa1+ 35. Qf1 Qd4+ 36.
Kh1 Nb6 37. Rxc8+ Nxc8 {Vyzmanavin,A-Suba,M/Kobenhavn/1991/1-0 (58)}) 12. Re1
Bb7 (12... Qb6 13. a4 c4 14. Bf1 Bb7 15. axb5 axb5 16. Rxa8 Bxa8 17. b4 Na6 18.
Be3 Qb8 19. Qb1 Ng4 20. Bd2 Ne5 21. Nxe5 Bxe5 22. Ne2 Bb7 23. Bc3 Bc8 24. Qb2
Bd7 25. Nd4 Nc7 {Vyzmanavin,A-Stefansson,H/Moscow GMA-op (8) 1989/1-0 (46)})
13. a3 Qb6 14. Qd2 (14. Rc1 Nbd7 15. b4 Rac8 16. Qd2 Nh5 17. Bg5 Nhf6 18. Bf4
Qd8 19. Bh2 Qe7 20. g4 {1/2-1/2 Nikolaidis,I-Wojtkiewicz,A/Komotini GP-1 (03)
1993}) 14... Nbd7 15. Re2 c4 16. Bc2 Nc5 17. Rae1 Nfd7 18. Be3 Qc7 19. Rd1 Rac8
20. Bd4 f6 21. Be3 Ne5 22. Nd4 Qf7 23. f3 Re7 24. Kh1 Qe8 25. Rf1 Rec7 26. Bg1
Ned3 27. Bxd3 cxd3 28. Ree1 Qf7 29. Rd1 f5 30. exf5 Bxd5 31. fxg6 hxg6 32. Nxd5
Qxd5 33. Qf4 Rf8 34. Qg4 g5 35. g3 Re7 36. b4 Nd7 37. Rxd3 Nf6 {0-1 Aseev,
K-Magerramov,E/Rostov op(04) 1993}) (11. Nd2 Nbd7 12. a4 c4 13. Bb1 Rb8 14.
axb5 axb5 15. Ne2 Nc5 16. Ra3 Re8 17. Ng3 b4 18. Rf3 Ba6 19. Re1 Nfd7 20. Ndf1
Ne5 21. Rfe3 Ned3 22. R1e2 Nxc1 23. Qxc1 c3 24. Re1 cxb2 25. Qd1 Qd7 {Bouchaud,
V-Mascarinas,R/Genf op (1) 1991/0-1 (42)}) 11... Re8 (11... Nbd7 12. Bf4 c4 {N}
(12... Ne8 13. Rc1 {/\ b4} Ne5 14. Nxe5 Bxe5 15. Qd2 $1 $14 Rb8 (15... Ra7 16.
Be3 {/\ b4, f4}) 16. Bh6 Ng7 17. f4 Bd4+ 18. Kh2 (18. Kh1 f5 19. Ne2 Bf6 20. e5
$5 dxe5 21. fxe5 Bxe5 22. Rxc5 $14) 18... f5 19. Bg5 Bf6 20. Bxf6 Qxf6 21. b4
$1 c4 22. Bc2 Bd7 23. Rce1 Rbe8 24. Re3 $16 Nh5 25. Bd1 Ng7 26. Bc2 $6 {
Naumkin,I-Khalifman,A/Vilnius/1988/1/2-1/2 (43)}) 13. Bc2 (13. Bxd6 $5 cxd3 14.
Bxf8 Qxf8 15. Qxd3 $1 Qd6 $13) 13... Qc7 14. Qd2 (14. Nd4 Ne5 $5 {/\ Nfd7})
14... Re8 15. Nd4 Nc5 16. Rae1 $6 Bd7 17. g4 $6 {/\ Bg3, f4} Qb6 $1 {פd4} 18.
Be3 Ncxe4 $6 (18... a5 $1 19. f3 {Vladimirov,E} b4 20. axb4 axb4 21. Nce2 Ra2 {
/\ c3} 22. Qc1 Qa6 {/\ 23... Ba4, 23... Nd3-/+}) 19. Bxe4 Nxe4 20. Nxe4 Rxe4
21. Nf5 Rxe3 22. Nxe3 Qd4 $6 (22... Rc8 $1 {/\ a5, b4} 23. Rc1 {/\ 23... a5 24.
a4} Qc5 $5 {/\ c3-/+}) 23. Qxd4 Bxd4 24. Nd1 g5 $1 25. Kg2 Be5 26. Re2 f5 27.
f3 {Vladimirov,E-Franco,Z/Marchena/1989/1/2-1/2 (47)}) (11... Nh5 $5 12. Bg5
Qc7 13. Qd2 Nd7 14. Rac1 Bb7 15. Rfe1 Rae8 16. b4 Bc8 17. Bh6 c4 18. Bc2 Ne5
19. Nd4 Bxh6 20. Qxh6 Qb6 $132 {Levitt,J-Suba,M/Dublin Telecom/1991/}) 12. Re1
Nbd7 (12... Ra7 13. Bf4 (13. Be3 $1 Nbd7 (13... Rae7 14. e5 $1 dxe5 15. Bxc5
Rd7 16. d6 $5 Nc6 17. Ne4 $14 {->}) 14. Rc1 Ra8 (14... Rc7 15. Bf4 Nb6 16. Qd2
$14) 15. Bf4 c4 16. Bc2 Nc5 17. Qd2 $36 {(),[+]} Qb6 18. Rcd1 Nfd7 19. Be3 Bb7
20. Bd4 f6 $6 (20... Bxd4 $8 21. Qxd4 Ne5 22. Nxe5 dxe5 $5 23. Qe3 Nd7 $14) 21.
Nh2 Re7 22. Nf1 Rae8 23. Ne3 Bh6 24. f3 Qc7 25. Qf2 (25. Qf2 Bg7 {/\Ne5-d3} 26.
f4 $1 $8 {ץg7} Qb6 27. Qg3 a5 {Sakaev,K-Lyrberg,P/Helsinki op (03) 1992/1-0 
(52)}) 25... Ne5 26. Ng4 $1 Nxg4 27. hxg4 $16) 13... Rae7 (13... h6 14. Qd2 g5
15. Bh2 Qb6 16. e5 dxe5 17. Nxe5 Rae7 18. d6 Re6 19. Ng4 Rxe1+ 20. Rxe1 Rxe1+
21. Qxe1 Bxg4 $132 {0,5/Cramling,P-Gavrikov,V/Bern/1991/}) 14. Qc2 b4 (14...
Nh5 15. Bg5 Bf6 16. Bxf6 Nxf6 17. b4 Nbd7 18. Qd2 Kg7 19. Rac1 Qb6 20. Qb2 Kg8
21. Bb1 Bb7 (21... Bb7 $132 {Ibragimov,I-Pigusov,E/S-Peterburg/1993/}) 22. Qd2
Kg7 $10 {= Ibragimov,I-Pigusov,E/Sankt_Peterburg (zt) 57/(101) 1993}) 15. axb4
cxb4 16. Na4 Bd7 17. Re3 Bb5 18. Nd2 Nh5 19. Bh2 Bh6 20. Re2 f5 21. Nc4 fxe4
22. Bxe4 b3 23. Qd3 Qc7 24. Bxd6 Qxc4 25. Bxe7 Qxd3 26. Bxd3 Bxd3 27. Ree1 {
Yurtaev,L-Yudasin,L/URS-FL56 Simferopol 1988/1/2-1/2 (42)}) 13. Bf4 c4 14. Bc2
Nc5 (14... Qb6 {Stohl} 15. Qd2 Bb7 16. Be3 Qc7 (16... Nc5 $142 $5) 17. Bh6 Rac8
(17... Bh8 $5 $14) 18. Rad1 Qb6 19. Bxg7 Kxg7 20. Nd4 Re7 21. Qf4 Re5 22. Qg3
Nh5 23. Qe3 Nhf6 24. Kh2 Rce8 25. f4 R5e7 26. Qg3 Kh8 27. Qg5 $16 {Yermolinski,
A-Marin,M/Tilburg/1994/}) 15. Qd2 {/\Rad1,e4-e5} Bb7 16. Rad1 Qb6 17. Bh6 (17.
e5 $2 dxe5 18. Nxe5 Rad8) (17. Be3 {Stohl} Rac8 18. Bd4 Qd8 19. Nh2 h5 $1 20.
f4 a5 $1 $15 {Shevelev-Gavrikov,V/Malgrat de Mar/1993/}) 17... Nfd7 (17... Bh8
$5) 18. Bxg7 Kxg7 19. Qd4+ f6 20. Nd2 {/\f2-f4} Rac8 $6 (20... Re7) 21. Re3 {
/\Rde1,f2-f4,e4-e5} Re7 22. f4 Rce8 (22... a5 $2 23. a4 $16) 23. Rde1 {
/\Nd2-f3,e4-e5} Na4 $8 (23... a5 $2 {Stohl} 24. Nxb5 $1 Qxb5 25. Nxc4 Qa6 $8
26. b4 axb4 27. axb4 Na4 28. b5 $18) 24. Qxb6 Naxb6 {/\Nd7-c5,Bb7-c8-d7,a6-a5,
b5-b4} 25. Kf2 Nc5 26. Nf3 {/\Nd4} f5 $2 (26... Bc8 {Stohl} 27. Nd4 Bd7 28. g4
$16 {/\f5,Ne6}) 27. exf5 Rxe3 28. Rxe3 Rxe3 29. Kxe3 Nxd5+ 30. Nxd5 Bxd5 31.
Nh4 $1 Bf7 (31... a5 $5 32. fxg6 (32. g4 $16) 32... hxg6 33. Bxg6 $2 Bxg2) (
31... gxf5 {Stohl} 32. Nxf5+ Kf6 33. g4 Nb7 34. g5+ $40) 32. g4 a5 33. fxg6 (
33. g5 b4 34. axb4 axb4 $132) 33... hxg6 34. f5 $16 g5 (34... gxf5 {Stohl} 35.
Nxf5+ Kf6 36. Nxd6 b4 37. Nxf7 Kxf7 38. Kd4 $18) 35. Nf3 b4 (35... Kf6 36. h4
$18 (36. h4 {Stohl} gxh4 37. g5+ Ke7 38. Nxh4 b4 39. f6+ Ke6 40. Kd4 $1 $18 {
/\Bf5#})) 36. axb4 axb4 37. Nxg5 b3 38. Bb1 Na4 39. Kd4 (39. Nxf7 $2 {Stohl}
Kxf7 40. Kd4 Nxb2 41. Kc3 Nd1+ {/\Nf2=}) 39... Bg8 (39... Nxb2 40. Nxf7 Kxf7
41. g5 (41. Kc3 Nd1+ 42. Kxc4 Nf2 $10) 41... d5 42. f6 (42. h4 $2 Nd1 {/\c4-c3}
) 42... Ke6 $1 (42... Nd1 43. Ke5 c3 44. g6+ Kf8 45. Bf5 $18) 43. Bh7 $1 (43.
h4 Nd1 44. h5 c3 45. h6 c2 $19) 43... Nd1 44. Bg8+ Kd7 45. Bxd5 b2 46. Be4 $18
Nf2 47. Bc2 (47. Bf5+ Kd6 48. g6 Nd3 $13) 47... Ke6 (47... Nxh3 48. g6 $18) 48.
h4 $18) 40. Ne4 Nxb2 (40... d5 41. Nc3 Nxb2 42. g5 $18) 41. g5 (41. Nxd6 Nd1 {
/\c4-c3} 42. g5 (42. Nxc4 Bxc4 43. Kxc4 Nf2 $10)) 41... Nd1 42. Nxd6 c3 43. f6+
Kf8 (43... Kh8 {Stohl} 44. Bf5 Bh7 (44... c2 45. g6 $18) 45. Be6 $1 c2 46. Nf7+
Kg8 47. Ne5+ Kh8 48. f7 Kg7 49. Nd7 c1=Q 50. f8=Q+ Kg6 51. Qh6#) 44. g6 {
/\45.g7#} Bd5 (44... Be6 45. Bf5 $18 (45. Bf5 $1 {Stohl} Bxf5 46. g7+ Kg8 47.
Nxf5 c2 48. Nh6+ $18)) (44... Bc4 {Stohl} 45. g7+ Kg8 46. Bg6 $1 c2 47. Nc8 $18
) 45. g7+ Kg8 46. Bg6 {/\Nf5-h6/Nf5-e7 #} Be6 47. Nf5 (47. Nf5 {Stohl} Bxf5 48.
Bxf5 Kf7 49. Bh7 $18) 1-0

[Event "Bundesliga 0203"]
[Site "Germany"]
[Date "2003.02.09"]
[Round "11.7"]
[White "Meins, Gerlef"]
[Black "Kuraszkiewicz, Michael"]
[Result "1-0"]
[WhiteElo "2436"]
[BlackElo "2323"]
[Annotator "Hecht,H"]
[PlyCount "119"]
[EventDate "2002.10.19"]
[EventType "team-tourn"]
[EventRounds "15"]
[EventCountry "GER"]
[SourceTitle "CBM 094"]
[Source "ChessBase"]
[SourceDate "2003.05.26"]
[SourceVersion "1"]
[SourceVersionDate "2003.05.26"]
[SourceQuality "1"]
[WhiteTeam "Werder Bremen"]
[BlackTeam "Plauen"]
[WhiteTeamCountry "GER"]
[BlackTeamCountry "GER"]

1. d4 g6 2. c4 Bg7 3. Nc3 c5 4. d5 d6 5. e4 Nf6 6. Bd3 O-O 7. h3 e6 8. Nf3 exd5
9. cxd5 a6 10. a4 Nbd7 11. O-O Nh5 12. Be2 Re8 13. Bg5 Bf6 14. Qc1 Rb8 15. a5
Bxg5 16. Nxg5 h6 17. Nf3 Kh7 18. Re1 Qf6 19. e5 dxe5 20. Ne4 Qd8 21. Nxc5 Nxc5
22. Qxc5 e4 23. Nd2 Nf4 24. Bf1 Bf5 25. Qd4 Ne6 26. Qb4 Qxd5 27. Nxe4 Bxe4 28.
Rxe4 Red8 29. Rae1 Qd6 30. Qxd6 Rxd6 31. Bc4 b6 32. axb6 Rbxb6 33. b3 Kg7 34.
Ra1 Kf8 35. Re3 Kg7 36. g3 g5 37. Kg2 Kf8 38. Ra5 Kg7 39. Rf3 f6 40. Re3 Kf8
41. Ra1 Ke7 42. Rae1 Kd7 43. Re4 Nd4 44. Re7+ Kc6 45. Rc1 Kc5 46. Bxa6+ Kb4 47.
Bc4 Nxb3 48. Bxb3 Kxb3 {Spiel gegen die Bauernschwächen f6 und h6} 49. Rc5 Kb4
50. Rf5 Kc4 $2 (50... Rb5 $1 51. Rxb5+ Kxb5 52. g4 Kc5 53. Rh7 (53. Rg7 Kd5 54.
Rg6 Ke5 55. Rxh6 Kf4 {oder ein Turmzug riecht ebenfalls streng nach Remis})
53... f5 54. gxf5 Kd5 55. Kg3 Ke5 $11) 51. Rh7 Kd4 52. Rxh6 Ke4 53. g4 {
Jetzt bleibt die Schwäche f6 fixiert.} Rdc6 54. h4 gxh4 55. Rxh4 Kd3 (55... Rb1
{[%cal Rc6c1]} 56. Rh1 $1 Rxh1 57. Kxh1 Ra6 58. Kg2 $18 {[%csl Rf6][%cal Rg2g3,
Rg3h4,Rh4h5,Rh5g6]}) 56. Rh3+ Kd4 57. Rhf3 Re6 58. Kg3 Rbc6 59. Kh4 Rb6 60.
R3f4+ {[%csl Rf6][%cal Rh4h5,Rh5g6]} 1-0

[Event "EU-ch 2nd"]
[Site "Ohrid"]
[Date "2001.06.03"]
[Round "3"]
[White "Arlandi, Ennio"]
[Black "Reinderman, Dimitri"]
[Result "1-0"]
[WhiteElo "2423"]
[BlackElo "2539"]
[Annotator "Hecht,H"]
[PlyCount "99"]
[EventDate "2001.06.01"]
[EventType "swiss"]
[EventRounds "13"]
[EventCountry "YUG"]
[SourceTitle "CBM 084"]
[Source "ChessBase"]
[SourceDate "2001.09.13"]
[SourceVersion "1"]
[SourceVersionDate "2001.09.13"]
[SourceQuality "1"]

1. d4 Nf6 2. c4 c5 3. d5 e6 4. Nc3 exd5 5. cxd5 d6 6. e4 g6 7. h3 Bg7 8. Nf3
O-O 9. Bd3 Nbd7 10. O-O Nh5 11. Bg5 Bf6 12. Be3 a6 13. a4 Re8 14. Nd2 b6 15.
Qc2 Bg7 16. g4 Nhf6 17. f4 h6 18. Rae1 Nf8 19. Nc4 Rb8 20. Bf2 h5 21. Bh4 b5
22. axb5 axb5 23. Nxd6 Qxd6 24. e5 Qb6 25. exf6 Rxe1 26. fxg7 Rxf1+ 27. Bxf1
Kxg7 28. Ne4 Nd7 29. Qc3+ Kg8 30. gxh5 b4 31. Qg3 Bb7 32. Bc4 Re8 33. Ng5 Ba6
34. hxg6 fxg6 35. Ne6 Nf8 36. Nxf8 Kxf8 37. Qd3 Bxc4 38. Qxc4 Qa5 39. Kg2 b3
40. Bf2 Qd2 41. Kf3 Kg7 42. Bxc5 Kh6 43. Qxb3 Qh2 44. Qb5 {[#] Hilfsmatt statt
Dauerschach.} Qxh3+ 45. Kf2 Qh2+ 46. Kf3 Re1 $4 {[%mdl 12288]} (46... Qh3+ $11)
47. Bf8+ Kh5 48. d6+ Kh4 49. Qg5+ Kh3 50. Qg4# 1-0

[Event "MK Cafe Cup-A"]
[Site "Koszalin"]
[Date "1999.08.11"]
[Round "8"]
[White "Eingorn, Vereslav S"]
[Black "Slobodjan, Roman"]
[Result "1/2-1/2"]
[WhiteElo "2589"]
[BlackElo "2550"]
[Annotator "Hecht,H"]
[PlyCount "158"]
[EventDate "1999.08.03"]
[EventType "swiss"]
[EventRounds "9"]
[EventCountry "POL"]
[SourceTitle "CBM 073"]
[Source "ChessBase"]
[SourceDate "1999.12.01"]
[SourceVersion "1"]
[SourceVersionDate "1999.12.01"]
[SourceQuality "1"]

1. d4 Nf6 2. c4 e6 3. Nf3 b6 4. a3 c5 5. d5 exd5 6. cxd5 d6 7. Nc3 g6 8. e4 Bg7
9. Bb5+ Bd7 10. Bd3 O-O 11. h3 b5 12. O-O Re8 13. Re1 Qb6 14. Bf4 Na6 15. e5
dxe5 16. Bxe5 Rad8 17. Qd2 c4 18. Bc2 Nc5 19. Qd4 Bf5 20. d6 Rxe5 21. Rxe5 Nfd7
22. Bxf5 Nxe5 23. Nxe5 gxf5 24. Rd1 Ne4 25. Qxb6 axb6 26. Nc6 Rxd6 27. Ne7+ Kf8
28. Nxf5 Rxd1+ 29. Nxd1 Be5 30. Nfe3 Nc5 31. Nd5 Na4 32. N1c3 Nxb2 33. Nxb5 Na4
34. Kf1 Ke8 35. f4 Bb8 36. g3 Kd7 37. Nb4 Nc5 38. Ke2 Ne4 39. Kf3 Nd6 40. Nc3
b5 41. a4 bxa4 42. Nxa4 Ba7 43. Nc3 Bd4 44. Ne2 Bc5 45. Nc2 Ke6 46. g4 Nb5 47.
h4 f6 48. Ne3 Nd6 49. Nc3 Bd4 50. Ne2 Bc5 51. Ng3 Kf7 52. Nd5 Ke6 53. Nc3 Bd4
54. Nge2 Bxc3 55. Nxc3 Kf7 56. h5 Nb7 57. Ne4 Ke7 58. Ke3 Nd8 59. Nc3 Nf7 60.
Kd4 Nh6 61. Nd5+ Ke6 62. Ne3 c3 63. Kxc3 {[#]} Nxg4 64. Nxg4 Kf5 65. Nxf6 Kxf6
$1 {[#] Diese Position ist remis, weil der weiße h-Bauer bereits gezogen hat
und der schwarze Randbauer auf h7 verharrt. Mit dem Randbauer auf h2 gewinnt
Weiß prinzipiell, indem er seinen f-Bauern nach f7 bringt. Dabei ist es
unerheblich, ob der weiße König noch nach f6 gehen muß oder nicht. Zieht dann
der schwarze h-Bauer, so bringt Weiß seinen Randbauern wahlweise einen oder
zwei Felder voran, so dass keine Pattstellung entsteht. Sobald der weiße
Randbauer auch nur ein Feld weiter vorne steht, entfällt die Wahlmöglichkeit
und das Endspiel bleibt remis.} ({Was passiert, denn Schwarz den Springer am
Leben lässt?} 65... Kxf4 $2 66. Kd4 h6 67. Kd5 Kf5 {[#] Variantendiagramm Weiß
gewinnt kunstvoll mit eleganten Bocksprüngen des Springers und schlussendlich
mit einem präzisen Königszug.} 68. Ne8 Kg5 69. Ng7 Kf6 70. Ne6 {[%csl Gg5]} Kf5
71. Kd6 Kf6 72. Kd7 Kf7 (72... Kf5 73. Ke7 Kg4 74. Ng7 Kg5 75. Kf7 $18) 73. Nc5
$1 Kf6 74. Ne4+ {[%csl Gg5]} Kf5 75. Ng3+ {[%csl Gh5]} Kg4 76. Ke6 Kxg3 77. Kf5
$1 Kf3 78. Kg6 Kf4 79. Kxh6 Kf5 80. Kg7 $18) 66. Kd4 Kf5 67. Ke3 Kf6 68. Ke4
Ke6 69. Kf3 Kf5 70. Kg3 Ke6 71. Kf2 Kf5 72. Kf3 Ke6 73. Ke4 Kf6 74. f5 Kf7 75.
Ke5 Ke7 76. f6+ Kf7 77. Kf5 Ke8 (77... Kf8 $2 78. Ke6 Ke8 79. f7+ Kf8 80. Kf6
h6 81. Kg6 $18) (77... h6 $2 78. Ke5 Kf8 79. Kf4 Ke8 80. Ke4 Kf8 81. Ke5 $18 {
Nach diesem Dreiecksmanöver gewinnt Weiß}) 78. Kf4 Kf7 79. Kg5 Ke6 1/2-1/2